TIRTIL TEYZE (Kayıt no. 1152151)

MARC ayrıntıları
000 -LEADER
sabit uzunluktaki kontrol alanı 00237nam a2200097Ia 4500
001 - KONTROL NUMARASI
kontrol alanı 1152151
005 - EN SON İŞLEMİN TARİH VE ZAMANI
kontrol alanı 20250827011101.0
008 - SABİT-UZUNLUKTA VERİ ÖĞELERİ--GENEL BİLGİ
sabit uzunluktaki kontrol alanı 250824s9999 xx 000 0 und d
245 #0 - ESER / YAZAR
ESER ADI TIRTIL TEYZE
Yazar Adı MAVİSEL YENER
260 ## - YAYIN, DAĞITIM, VB.
YAYIN EVİ BİLGİ ÇOCUK
Mevcut
Düşüm durumu Kayıp durumu Hasar Durumu Ödünç verilmez Ana kütüphane Geçerli Kütüphane Edinilen tarih Toplam ödünç verme sayısı Barkod Son görüntüleme tarihi Fiyatın geçerli olmaya başladığı tarih Koha materyal türü
        SELÇUKLU BELEDİYESİ SIZMA ALPARSLAN İLKOKULU SELÇUKLU BELEDİYESİ SIZMA ALPARSLAN İLKOKULU 24.08.2025   10972368 27.08.2025 27.08.2025 Kitaplar
Gemini Bilgi Teknolojileri A.Ş. tarafından düzenlenmiştir.